Countries Wise Most International Runs and Wickets - Statistics

General Stats
  • This quiz has been taken 16 times
  • The average score is 188 of 300
Answer Stats
Format Score National Side Player % Correct
Test 11,174 Australia Allan Border
100%
Test 383 England Ian Botham
100%
Test 362 Pakistan Imran Khan
100%
Test 311 India Ishant Sharma
100%
Test 704* England James Anderson
100%
ODI 269 England James Anderson
100%
Test 12,131* England Joe Root
100%
Test 434 India Kapil Dev
100%
ODI 253 India Kapil Dev
100%
Test 8,029 Australia Mark Waugh
100%
ODI 8,500 Australia Mark Waugh
100%
T20i 152* Afghanistan Rashid Khan
100%
Test 13,378 Australia Ricky Ponting
100%
ODI 13,704 Australia Ricky Ponting
100%
ODI 10,866* India Rohit Sharma
100%
T20i 4,231* India Rohit Sharma
100%
T20i 1,691* Zimbabwe Sean Williams
100%
Test 708 Australia Shane Warne
100%
ODI 293 Australia Shane Warne
100%
Test 10,927 Australia Steve Waugh
100%
ODI 7,579 Australia Steve Waugh
100%
ODI 195 Australia Steve Waugh
100%
Test 604* England Stuart Broad
100%
T20i 65 England Stuart Broad
100%
Test 8,848* India Virat Kohli
100%
ODI 13,906* India Virat Kohli
100%
T20i 4,188* India Virat Kohli
100%
Test 8,540 West Indies Viv Richards
100%
Test 10,099 Pakistan Younis Khan
100%
ODI 7,249 Pakistan Younis Khan
100%
T20i 3,120 Australia Aaron Finch
86%
Test 8,765 South Africa AB de Villiers
86%
ODI 9,577 South Africa AB de Villiers
86%
T20i 1,672 South Africa AB de Villiers
86%
Test 8,463 England Alec Stewart
86%
Test 330 South Africa Allan Donald
86%
ODI 272 South Africa Allan Donald
86%
Test 310 Australia Brett Lee
86%
ODI 380 Australia Brett Lee
86%
Test 11,953 West Indies Brian Lara
86%
ODI 10,405 West Indies Brian Lara
86%
Test 355 Sri Lanka Chaminda Vaas
86%
ODI 400 Sri Lanka Chaminda Vaas
86%
Test 519 West Indies Courtney Walsh
86%
ODI 227 West Indies Courtney Walsh
86%
Test 439 South Africa Dale Steyn
86%
ODI 196 South Africa Dale Steyn
86%
T20i 64 South Africa Dale Steyn
86%
Test 362 New Zealand Daniel Vettori
86%
ODI 305 New Zealand Daniel Vettori
86%
Test 8,786* Australia David Warner
86%
ODI 6,932* Australia David Warner
86%
T20i 3,277* Australia David Warner
86%
Test 563 Australia Glenn McGrath
86%
ODI 381 Australia Glenn McGrath
86%
Test 9,265 South Africa Graeme Smith
86%
ODI 6,989 South Africa Graeme Smith
86%
Test 8,900 England Graham Gooch
86%
Test 8,832 Pakistan Javed Miandad
86%
ODI 7,381 Pakistan Javed Miandad
86%
Test 8,743* New Zealand Kane Williamson
86%
ODI 6,810* New Zealand Kane Williamson
86%
T20i 2,575* New Zealand Kane Williamson
86%
Test 12,400 Sri Lanka Kumar Sangakkara
86%
ODI 14,234 Sri Lanka Kumar Sangakkara
86%
Test 11,814 Sri Lanka Mahela Jayawardene
86%
ODI 12,650 Sri Lanka Mahela Jayawardene
86%
Test 376 West Indies Malcolm Marshall
86%
Test 7,525 Australia Mark Taylor
86%
Test 8,625 Australia Matthew Hayden
86%
Test 358* Australia Mitchell Starc
86%
ODI 236* Australia Mitchell Starc
86%
T20i 79* Australia Mitchell Starc
86%
Test 530* Australia Nathan Lyon
86%
Test 13,288 India Rahul Dravid
86%
ODI 10,889 India Rahul Dravid
86%
Test 433 Sri Lanka Rangana Herath
86%
Test 516* India Ravichandran Ashwin
86%
T20i 72 India Ravichandran Ashwin
86%
Test 431 New Zealand Richard Hadlee
86%
Test 7,683 New Zealand Ross Taylor
86%
ODI 8,607 New Zealand Ross Taylor
86%
T20i 1,909 New Zealand Ross Taylor
86%
Test 15,921 India Sachin Tendulkar
86%
ODI 18,426 India Sachin Tendulkar
86%
T20i 107* Pakistan Shadab Khan
86%
Test 421 South Africa Shaun Pollock
86%
ODI 393 South Africa Shaun Pollock
86%
Test 11,867 West Indies Shivnarine Chanderpaul
86%
ODI 8,778 West Indies Shivnarine Chanderpaul
86%
Test 9,685* Australia Steven Smith
86%
ODI 10,290 Sri Lanka Tillakaratne Dilshan
86%
T20i 1,889 Sri Lanka Tillakaratne Dilshan
86%
Test 380* New Zealand Tim Southee
86%
ODI 221* New Zealand Tim Southee
86%
T20i 164* New Zealand Tim Southee
86%
Test 8,781 India VVS Laxman
86%
Test 373 Pakistan Waqar Younis
86%
ODI 416 Pakistan Waqar Younis
86%
Test 414 Pakistan Wasim Akram
86%
ODI 502 Pakistan Wasim Akram
86%
Test 311 India Zaheer Khan
86%
ODI 282 India Zaheer Khan
86%
ODI 9,619 Australia Adam Gilchrist
71%
Test 12,472 England Alastair Cook
71%
Test 7,673* Sri Lanka Angelo Mathews
71%
ODI 9,284 Sri Lanka Aravinda de Silva
71%
Test 7,214 West Indies Chris Gayle
71%
ODI 10,480 West Indies Chris Gayle
71%
T20i 1,899 West Indies Chris Gayle
71%
Test 7,515 West Indies Clive Lloyd
71%
Test 405 West Indies Curtly Ambrose
71%
ODI 225 West Indies Curtly Ambrose
71%
Test 355 Australia Dennis Lillee
71%
Test 7,487 West Indies Desmond Haynes
71%
ODI 8,648 West Indies Desmond Haynes
71%
Test 8,032 West Indies Garry Sobers
71%
Test 7,289 South Africa Gary Kirsten
71%
Test 8,114 England Geoff Boycott
71%
Test 9,282 South Africa Hashim Amla
71%
ODI 8,113 South Africa Hashim Amla
71%
ODI 8.094 South Africa Herschelle Gibbs
71%
Test 7,727 England Ian Bell
71%
Test 8,830 Pakistan Inzamanul Haq
71%
ODI 11,739 Pakistan Inzamanul Haq
71%
Test 13,289 South Africa Jacques Kallis
71%
ODI 11,579 South Africa Jacques Kallis
71%
Test 292 South Africa Jacques Kallis
71%
ODI 273 South Africa Jacques Kallis
71%
T20i 1,671* England Jonny Bairstow
71%
Test 295* South Africa Kagiso Rabada
71%
T20i 71* South Africa Kagiso Rabada
71%
Test 309 West Indies Lance Gibbs
71%
ODI 338 Sri Lanka Lasith Malinga
71%
T20i 107 Sri Lanka Lasith Malinga
71%
Test 390 South Africa Makhaya Ntini
71%
ODI 266 South Africa Makhaya Ntini
71%
ODI 7,346 New Zealand Martin Guptill
71%
T20i 3,531 New Zealand Martin Guptill
71%
Test 8,643 Australia Michael Clarke
71%
ODI 7,981 Australia Michael Clarke
71%
Test 7,728 England Mike Atherton
71%
ODI 10,773 India MS Dhoni
71%
T20i 1,617 India MS Dhoni
71%
Test 269* Australia Pat Cummins
71%
T20i 66* Australia Pat Cummins
71%
ODI 8,824 Pakistan Saeed Anwar
71%
ODI 7,170 Pakistan Saleem Malik
71%
ODI 13,430 Sri Lanka Sanath Jayasuriya
71%
ODI 323 Sri Lanka Sanath Jayasuriya
71%
T20i 96* Pakistan Shaheen Afridi
71%
ODI 8,064 Pakistan Shahid Afridi
71%
ODI 395 Pakistan Shahid Afridi
71%
T20i 98 Pakistan Shahid Afridi
71%
ODI 7,570* Bangladesh Shakib Al Hasan
71%
T20i 2,551* Bangladesh Shakib Al Hasan
71%
ODI 317* Bangladesh Shakib Al Hasan
71%
T20i 149* Bangladesh Shakib Al Hasan
71%
ODI 247 Pakistan Shoaib Akhtar
71%
ODI 7,534 Pakistan Shoaib Malik
71%
T20i 2,435 Pakistan Shoaib Malik
71%
ODI 11,363 India Sourav Ganguly
71%
Test 10,122 India Sunil Gavaskar
71%
ODI 8,357* Bangladesh Tamim Iqbal
71%
T20i 1,758 Bangladesh Tamim Iqbal
71%
Test 317 New Zealand Trent Boult
71%
ODI 211* New Zealand Trent Boult
71%
T20i 83* New Zealand Trent Boult
71%
Test 8,586 India Virender Sehwag
71%
ODI 8,273 India Virender Sehwag
71%
T20i 105* Australia Adam Zampa
57%
ODI 199* England Adil Rashid
57%
T20i 120* England Adil Rashid
57%
ODI 288 India Ajit Agarkar
57%
T20i 2,074 England Alex Hales
57%
Test 619 India Anil Kumble
57%
ODI 337 India Anil Kumble
57%
ODI 7,456 Sri Lanka Arjuna Ranatunga
57%
T20i 83* India Arshdeep Singh
57%
T20i 4,145* Pakistan Babar Azam
57%
Test 325 England Bob Willis
57%
ODI 201 New Zealand Chris Cairns
57%
Test 7,624 England Colin Cowdrey
57%
Test 8,231 England David Gower
57%
T20i 2,437* South Africa David Miller
57%
T20i 2,600* Australia Glenn Maxwell
57%
Test 7,558 West Indies Gordon Greenidge
57%
Test 417 India Harbhajan Singh
57%
ODI 269 India Harbhajan Singh
57%
ODI 239 Zimbabwe Heath Streak
57%
T20i 89* India Jasprit Bumrah
57%
ODI 315 India Javagal Srinath
57%
T20i 3,264* England Jos Buttler
57%
Test 273* Australia Josh Hazlewood
57%
T20i 65* Australia Josh Hazlewood
57%
Test 7,696 Australia Justin Langer
57%
Test 273* West Indies Kemar Roach
57%
T20i 1,973 Ireland Kevin O'Brien
57%
Test 8,181 England Kevin Pietersen
57%
ODI 6,912 Australia Michael Bevan
57%
Test 313 Australia Mitchell Johnson
57%
ODI 239 Australia Mitchell Johnson
57%
ODI 9,378 India Mohammad Azharuddin
57%
T20i 2,514 Pakistan Mohammad Hafeez
57%
Test 7,530 Pakistan Mohammad Yousuf
57%
ODI 9,720 Pakistan Mohammad Yousuf
57%
Test 309 South Africa Morne Morkel
57%
ODI 7,792* Bangladesh Mushfiqur Rahim
57%
ODI 7,090 New Zealand Nathan Astle
57%
T20i 2,584* South Africa Quinton de Kock
57%
Test 294* India Ravindra Jadeja
57%
ODI 220* India Ravindra Jadeja
57%
ODI 288 Pakistan Saqlain Mushtaq
57%
T20i 72* Bangladesh Taskin Ahmed
57%
ODI 8,701 India Yuvraj Singh
57%
ODI 269 Pakistan Abdul Razzaq
43%
T20i 66 Sri Lanka Ajantha Mendis
43%
T20i 2,140 New Zealand Brendon McCullum
43%
ODI 193 West Indies Carl Hooper
43%
Test 291 Australia Craig McDermott
43%
ODI 203 Australia Craig McDermott
43%
Test 7,422 Australia David Boon
43%
Test 297 England Derek Underwood
43%
ODI 199 West Indies Dwayne Bravo
43%
T20i 78 West Indies Dwayne Bravo
43%
ODI 7,701 England Eoin Morgan
43%
T20i 2,458 England Eoin Morgan
43%
T20i 86* India Hardik Pandya
43%
T20i 73* Pakistan Imad Wasim
43%
T20i 63 South Africa Imran Tahir
43%
Test 259 Australia Jason Gillespie
43%
T20i 69* India Kuldeep Yadav
43%
T20i 1,727* Sri Lanka Kusal Mendis
43%
T20i 2,394* Bangladesh Mahmudullah
43%
ODI 8,529 Sri Lanka Marvan Atapattu
43%
ODI 270 Bangladesh Mashrafe Mortaza
43%
Test 260* New Zealand Neil Wagner
43%
ODI 8,037 New Zealand Stephen Fleming
43%
T20i 2,432* India Suryakumar Yadav
43%
T20i 1,690 Pakistan Umar Akmal
43%
Test 266 India Bishan Bedi
29%
ODI 203 New Zealand Chris Harris
29%
T20i 108* England Chris Jordan
29%
T20i 75* Ireland Craig Young
29%
ODI 235 England Darren Gough
29%
T20i 83* Ireland George Dockrell
29%
T20i 1,662 Zimbabwe Hamilton Masakadza
29%
Test 259 West Indies Joel Garner
29%
T20i 1,796* Sri Lanka Kusal Perera
29%
ODI 192 South Africa Lance Klusener
29%
T20i 1,943* Bangladesh Litton Das
29%
T20i 71* Pakistan Mohammad Amir
29%
T20i 2,165* Afghanistan Mohammad Nabi
29%
T20i 96* Afghanistan Mohammad Nabi
29%
T20i 3,313* Pakistan Mohammad Rizwan
29%
ODI 195* India Mohammed Shami
29%
Test 800 Sri Lanka Muthiah Muralidaran
29%
ODI 534 Sri Lanka Muthiah Muralidaran
29%
T20i 2,141* West Indies Nicholas Pooran
29%
ODI 199 Sri Lanka Nuwan Kulasekara
29%
T20i 66 Sri Lanka Nuwan Kulasekara
29%
T20i 3,601* Ireland Paul Stirling
29%
T20i 1,657* Afghanistan Rahmanullah Gurbaz
29%
T20i 85 Pakistan Saeed Ajmal
29%
T20i 2,037* Zimbabwe Sikandar Raza
29%
T20i 66* Zimbabwe Sikandar Raza
29%
ODI 6,951 Sri Lanka Upul Tharanga
29%
T20i 96* India Yuzvendra Chahal
29%
ODI 207 Bangladesh Abdur Razzak
14%
T20i 2,392* Ireland Andy Balbirnie
14%
T20i 90 India Bhuvneshwar Kumar
14%
Test 261 Pakistan Danish Kaneria
14%
T20i 1,892* England Dawid Malan
14%
T20i 1,848* Pakistan Fakhar Zaman
14%
Test 307 England Fred Trueman
14%
T20i 1,875* New Zealand Glenn Phillips
14%
T20i 102* Pakistan Haris Rauf
14%
T20i 138* New Zealand Ish Sodhi
14%
T20i 66* West Indies Jason Holder
14%
T20i 1,934 South Africa JP Duminy
14%
T20i 2,265 India KL Rahul
14%
T20i 122* Ireland Mark Adair
14%
T20i 115* New Zealand Mitchell Santner
14%
T20i 2,048* Afghanistan Mohammad Shahzad
14%
T20i 128* Bangladesh Mustafizur Rahman
14%
T20i 1,830* Afghanistan Najibullah Zadran
14%
T20i 1,759 India Shikhar Dhawan
14%
T20i 89* South Africa Tabraiz Shamsi
14%
T20i 85 Pakistan Umar Gul
14%
ODI 196 India Venkatesh Prasad
14%
Test 7,249 England Wally Hammond
14%
T20i 114* Sri Lanka Wanindu Hasaranga
14%
T20i 66* Zimbabwe Blessing Muzarabani
0%
T20i 1,724 New Zealand Colin Munro
0%
T20i 78* Ireland Josh Little
0%
ODI 240 New Zealand Kyle Mills
0%
T20i 66* Zimbabwe Luke Jongwe
0%
T20i 1,946* South Africa Reeza Hendricks
0%
T20i 63* Zimbabwe Richard Ngarava
0%
T20i 65* Zimbabwe Tendai Chatara
0%
No matching quizzes found
Score Distribution
Percent of People with Each Score
Percentile by Number Answered
Your Score History
You have not taken this quiz